• 首页
  • 本馆介绍
  • 公告通知
  • 最新文献
  • 馆藏检索
  • 电子资源
  • 读者导购
  • 参考咨询
  • 我的图书馆
  • 登录
  • 详细信息显示
  • 放入我的书架
  • 预约/预借图书
  • 作者相关作品
  • 分类相关作品
  • 丛书相关作品
  • 出版社相关作品

书目信息

  • 表格格式
  • 工作单格式
  • 卡片格式
题名:
文言句式例谈
    
 
作者: 刘鉴平 , 邹联琰 编
分册:  
出版信息: 天津   天津人民出版社  1980
页数: 124页
开本: 19cm
丛书名:
单 册:
中图分类: H141 , H14
科图分类:
主题词: 文言文-句法 , 句法-文言文
电子资源:
ISBN:
000 00657nam0 2200253 45
001 1575137588
005 20150129183457.13
010    @dCNY0.31
091    @aCN@b9072.19
100    @a19950124d1980 em y0chiy0121 ea
101 0  @achi
102    @aCN@b120000
105    @ay z 000yy
200 10 @a文言句式例谈@Awen yan ju shi li tan@f刘鉴平, 邹联琰等编
210    @a天津@c天津人民出版社@d1980
215    @a124页@d19cm
606    @a文言文-句法
606    @a句法-文言文
690    @aH141@v3
690    @aH14@v4
701  0 @a刘鉴平@Aliu jian ping@4编
701  0 @a邹联琰@Azou lian yan@4编
801  0 @aCN@bTSSF@c20150129
905    @aZUCC@dH14@eJY69
    
    文言句式例谈/刘鉴平, 邹联琰等编.-天津:天津人民出版社,1980
    124页;19cm
    
    
    ISBN :CNY0.31
    
●
相关链接 在E读中查询图书 在五车中查询图书 在当当中查询图书 在豆瓣中查询图书


正题名:文言句式例谈     索取号:H14/JY69         预约/预借

序号 登录号 条形码 馆藏地/架位号 状态 备注
1 7836189   278361899   学院路分馆/ [索取号:H14/JY69] 在馆    
2 7836428   278364280   学院路分馆/ [索取号:H14/JY69] 在馆    
3 7836429   278364299   学院路分馆/ [索取号:H14/JY69] 在馆    
4 7836430   278364306   学院路分馆/ [索取号:H14/JY69] 在馆    
5 7836431   278364315   学院路分馆/ [索取号:H14/JY69] 在馆    
6 7836432   278364324   学院路分馆/ [索取号:H14/JY69] 在馆    
7 7836433   278364333   学院路分馆/ [索取号:H14/JY69] 在馆    
唐山师范学院图书馆 欢迎您!
大连网信软件有限公司© 版权所有